LEADER 01048cam0-22003371i-450- 001 990004628170403321 005 20051117105316.0 010 $a0-520-07820-9 035 $a000462817 035 $aFED01000462817 035 $a(Aleph)000462817FED01 035 $a000462817 100 $a19990604d1993----km-y0itay50------ba 101 0 $aeng 102 $aUS 105 $ay-------001yy 200 1 $aMoney, expense, and naval power in Thucydides' History 1-5.24$fLisa Kallet-Marx 210 $aBerkeley , Los Angeles$cUniversity of California press$dİ1993 215 $aXIII, 229 p.$d24 cm 610 0 $aStoriografia$aTucidide$aHistoriae 676 $a938.01 676 $a938.05072$v21$zita 700 1$aKallet-Marx,$bLisa$0183961 801 0$aIT$bUNINA$gRICA$2UNIMARC 901 $aBK 912 $a990004628170403321 952 $a938.05 KAL 1$bBibl. 18214$fFLFBC 952 $aP2B-610-THUCYDIDES-8K.L.-1993$fFLFBC 959 $aFLFBC 996 $aMoney, expense, and naval power in Thucydides' History 1-5.24$9552153 997 $aUNINA LEADER 01713nas 2200529- 450 001 996336382803316 005 20230217213020.0 011 $a2083-358X 035 $a(DE-599)ZDB2436940-8 035 $a(OCoLC)557426687 035 $a(CKB)110978978550191 035 $a(CONSER)--2016204020 035 $a(EXLCZ)99110978978550191 100 $a20100317a19779999 s-- a 101 0 $aeng 135 $aurbn||||||abp 135 $aurbn||||||ada 181 $ctxt$2rdacontent 182 $cc$2rdamedia 183 $acr$2rdacarrier 200 00$aAnnales Universitatis Mariae Curie-Sk?odowska$hSectio AA$iChemia 210 1$a[Warsaw, Poland] :$cVersita 210 31$aWarsaw, Poland :$cDe Gruyter Open 300 $aRefereed/Peer-reviewed 300 $aPrint version published: Lublin : Nak?adem Uniwersytetu Marii Curie-Sk?odowskiej, 1980- 311 $a0137-6853 517 1 $aAnnales Universitatis Mariae Curie-Sk?odowska. 517 1 $aAnnales Universitatis Mariae Curie-Sk?odowska. 517 1 $aChemia 517 1 $aChemistry 517 1 $aAnnales UMCS. 517 1 $aAnnales UMCS. 531 $aANNALES UNIVERSITATIS MARIAE CURIE SKLODOWSKA SECTIO AA CHEMIA 531 0 $aAnn. Univ. Mariae Curie-Sk?odowska, AA Chem. 606 $aChemistry$vPeriodicals 606 $aChemistry$2fast$3(OCoLC)fst00853344 606 $aChemia$vczasopisma$2jhpk 608 $aPeriodicals$2fast 615 0$aChemistry 615 7$aChemistry. 615 7$aChemia 676 $a540/.5 712 02$aUniwersytet Marii Curie-Sk?odowskiej, 906 $aJOURNAL 912 $a996336382803316 996 $aAnnales Universitatis Mariae Curie-Sk?odowska$91913389 997 $aUNISA